<The> impact of financial and economic crisis on human resources management as part of international marketing strategies of the banking sector in Slovakia
Vplyvy krízy na bankový sektor Slovenska. Výsledky prieskumu vplyvu finančno - ekonomickej krízy na riadenie ľudských zdrojov v UniCredit Bank Slovensko. Základné rysy vývoja bankovej skupiny UniCredit v rokoch 2008-2010. Analýza vplyvu finančno - ekonomickej krízy, zmeny v riadení ľudských zdrojov...
Gespeichert in:
| 1. Verfasser: | |
|---|---|
| Weitere Verfasser: | |
| Format: | Buchkapitel |
| Sprache: | Englisch |
| Schlagworte: | |
| Tags: |
Keine Tags, Fügen Sie das erste Tag hinzu!
|
MARC
| LEADER | 00000nla a2200000 4500 | ||
|---|---|---|---|
| 001 | 0160102 | ||
| 005 | 20240502083354.0 | ||
| 041 | 0 | |a eng | |
| 044 | |a CZ | ||
| 245 | 1 | 0 | |a <The> impact of financial and economic crisis on human resources management as part of international marketing strategies of the banking sector in Slovakia |c Otília Zorkóciová, Erika Mária Jamborová |
| 520 | |a Vplyvy krízy na bankový sektor Slovenska. Výsledky prieskumu vplyvu finančno - ekonomickej krízy na riadenie ľudských zdrojov v UniCredit Bank Slovensko. Základné rysy vývoja bankovej skupiny UniCredit v rokoch 2008-2010. Analýza vplyvu finančno - ekonomickej krízy, zmeny v riadení ľudských zdrojov v UniCredit Bank Slovensko. | ||
| 610 | 2 | 0 | |a kríza finančná |
| 610 | 2 | 0 | |a kríza hospodárska |
| 610 | 2 | 0 | |a riadenie ľudských zdrojov |
| 610 | 2 | 0 | |a riadenie strategické |
| 610 | 2 | 0 | |a sústava banková |
| 610 | 2 | 0 | |a Slovensko |
| 100 | 1 | |a Zorkóciová, Otília, 1954- | |
| 700 | 1 | |a Jamborová, Erika Mária | |